Aventuras de Sherlock Holmes / (Registro nro. 8506)

Detalles MARC
000 -LIDER
fixed length control field 00971nam a22003137a 4500
001 - NÚMERO DE CONTROL
Identificador de número de control 078
003 - IDENTIFICACDOR DE NÚMERO DE CONTROL
control field DO-SdBNP
005 - DATE AND TIME OF LATEST TRANSACTION
control field 20230703135951.0
007 - CAMPOS FIJOS DE DESCRIPCIÓN FÍSICA
fixed length control field 078
008 - ELEMENTOS DE LONGITUD FIJA
fixed length control field 151005b1991 sp 00| 0 spa d
020 ## - ISBN
International Standard Book Number 84753040001
040 ## - FUENTE DE CATALOGACIÓN
Agencia que crea de manera original el registro BPMSU
Idioma de catalogación spa
Agencia que realiza la transcripción BPMSU
082 #4 - NÚMERO DE CLASIFICACIÓN DECIMAL DE DEWEY
Classification number 823.91
Item number D754s 1991
Edition number 22
100 1# - ASIENTO PRINCIPAL -- NOMBRE PERSONAL
Nombre personal Doyle, Arthur Conan,
Fechas asociadas con el nombre 1859-1930.
245 10 - MENCIÓN DE TITULO
Título Aventuras de Sherlock Holmes /
Mención de responsabilidad Arthur Conan Doyle ; traducción Armando Lázaro Ros
260 ## - PUBLICACIÓN, DISTRIBUCIÓN, ETC. (PIE DE IMPRENTA)
Lugar de publicación, distribución, etc Barcelona :
Nombre del editor, distribuidor, etc. Observador,
Fecha de publicación, distribución, etc 1991
300 ## - DESCRIPCIÓN FÍSICA
Extensión 95 p. ;
Dimensiones 18 cm.
490 0# - MENCIÓN DE SERIES
Mención de serie El observador ;
-- Sherlock Holmes
Volume/sequential designation 19
490 1# - MENCIÓN DE SERIES
Mención de serie Sherlock Holmes
534 ## - NOTA SOBRE LA VERSIÓN ORIGINAL
Asiento principal del original Título original :
Mención del título original The adventures of Sherlock Holmes
590 ## - NOTA LOCAL
Enlace Inventariado, 2023/VM
650 #4 - ENCABEZAMIENTO DE MATERIA--TEMÁTICO
Término temático o nombre geográfico como elemento de entrada Cuentos ingleses
650 #4 - ENCABEZAMIENTO DE MATERIA--TEMÁTICO
Término temático o nombre geográfico como elemento de entrada Literatura inglesa
700 1# - ASIENTO SECUNDARIO -- NOMBRE PERSONAL
Nombre personal Lázaro Ros, Armando
Mención de responsabilidad trad.
830 #0 - ASIENTO SECUNDARIO DE SERIE--TÍTULO UNIFORME
Título uniforme El observador
Número de la parte o sección de una obra 19
830 #0 - ASIENTO SECUNDARIO DE SERIE--TÍTULO UNIFORME
Título uniforme Sherlock Holmes
910 ## - VALIDACIÓN
Validación YLOCKWARD/VMateo V. Control de calidad (BPMSU)
942 ## - ADDED ENTRY ELEMENTS (KOHA)
Source of classification or shelving scheme Dewey Decimal Classification
Koha item type Libros
Existencias
Withdrawn status Lost status Source of classification or shelving scheme Damaged status Not for loan Collection code Home library Current library Date acquired Source of acquisition Full call number Barcode Date last seen Price effective from Koha item type
    Dewey Decimal Classification     Colección Juvenil General Biblioteca Pública Metropolitana Salomé Ureña Biblioteca Pública Metropolitana Salomé Ureña 11/02/2015 Donación BPMSU CG 823.91 D754s 1991 BPMSU15110007 11/02/2015 11/02/2015 Libros